Años luz: una investigación en las experiencias extraterrestres de eduard meier /
Guardado en:
| Autor Principal: | |
|---|---|
| Formato: | Libro |
| Publicado: |
España :
Plaza & Janes,
1988
|
| Materias: | |
| Etiquetas: |
Agregar Etiqueta
Sin Etiquetas, Sea el primero en etiquetar este registro!
|
| LEADER | 00483nam a22001575a 4500 | ||
|---|---|---|---|
| 001 | CEM.cems003592 | ||
| 005 | 19000101000000.0 | ||
| 008 | 130507s1988##################000#0#####d | ||
| 003 | CEMS | ||
| 082 | 0 | 4 | |a 523.0574 |
| 100 | 1 | |a Kinder, Gary | |
| 245 | 1 | 0 | |a Años luz: una investigación en las experiencias extraterrestres de eduard meier / |
| 260 | |a España : |b Plaza & Janes, |c 1988 | ||
| 300 | |a 251 p. | ||
| 653 | |a Astronomia | ||
| 859 | |a CEMS |b BIB. CEMS - 11 de abril |h 523.0574 |i K545 |p 16359.91 |t Ej.1 | ||
